25 Iconic Movie Moments Quiz Stats

Quiz Updated Mar 9, 2015

Challenge
Share
Tweet
Score 0/25 Timer 10:00
6 Plays Today
% Correct
The Wizard of Oz
97.8%
The Godfather
97.7%
King Kong
97.1%
Singin' in the Rain
94.9%
Psycho
93.3%
Jaws
92.8%
Rocky
91.9%
Casablanca
85.3%
The Graduate
79.2%
One Flew Over the Cuckoo's Nest
77.6%
It's a Wonderful Life
77.1%
Gone with the Wind
76.7%
The Ten Commandments
72.1%
% Correct
12 Angry Men
68.8%
The Good, the Bad and the Ugly
67.8%
North By Northwest
65.2%
Rear Window
64.3%
2001: A Space Odyssey
62%
To Kill a Mockingbird
54.5%
Citizen Kane
54.3%
On the Waterfront
48.6%
The Bridge on the River Kwai
47.7%
Roman Holiday
45.3%
The Seven Year Itch
45%
Modern Times
27.1%

You're not logged in!

Compare scores with friends on all Sporcle quizzes.
Join for Free
OR
Log In

You Might Also Like...

Show Comments

Extras

Top Quizzes Today


Score Distribution

Your Account Isn't Verified!

In order to create a playlist on Sporcle, you need to verify the email address you used during registration. Go to your Sporcle Settings to finish the process.

Report this User

Report this user for behavior that violates our Community Guidelines.

Details: